| 000 | 00658cam a22001814a 4500 | ||
|---|---|---|---|
| 020 | _a1559631104 (pbk. : alk. paper) | ||
| 040 | _cDLC | ||
| 082 | 0 | 0 | _a625 ISL 2003 A040 Or. |
| 100 | 1 | _aSchneider, Krista L. | |
| 245 | 1 | 4 |
_aThe Paris-Lexington road : _bcommunity-based planning and context sensitive highway design / |
| 260 |
_aWashington, DC : _bIsland Press, _c2003. |
||
| 300 |
_a91 p. : _bcol. ill. : _c26 cm. |
||
| 490 | 1 | _aLand and community design case study series ; | |
| 650 | 0 | _aRoads | |
| 856 | 4 | 1 | _uhttp://www.loc.gov/catdir/toc/ecip042/2003007799.html |
| 856 | 4 | 2 | _uhttp://www.loc.gov/catdir/enhancements/fy0631/2003007799-d.html |
| 942 | _cEK | ||
| 999 |
_c11909 _d11909 |
||